[Event "WchT 6th"]
[Site "Beersheba"]
[Date "2005.11.09"]
[Round "8.1"]
[White "Ivanchuk, Vassily"]
[Black "Gelfand, Boris"]
[Result "1/2-1/2"]
[WhiteElo "2748"]
[BlackElo "2717"]
[Annotator "Erenburg,S"]
[PlyCount "56"]
[EventDate "2005.11.01"]
[EventType "team-tourn"]
[EventRounds "9"]
[EventCountry "ISR"]
[SourceTitle "CBM 110"]
[Source "ChessBase"]
[SourceDate "2006.01.31"]
[SourceVersion "1"]
[SourceVersionDate "2006.01.31"]
[SourceQuality "1"]
[WhiteTeam "Ukraine"]
[BlackTeam "Israel"]
[WhiteTeamCountry "UKR"]
[BlackTeamCountry "ISR"]

{[%mdl 8192]} 1. e4 c5 2. Nf3 d6 3. Nc3 Nf6 4. d4 cxd4 5. Nxd4 a6 6. Bg5 e6 7.
f4 Nbd7 {Black prevents White's e4-e5 advance. Boris Gelfand is a well-known
guru of this variation. Another theoretical lines are:} (7... b5) (7... Qb6) 8.
Qf3 {The idea of this move is to castle long, as well as to react with e4-e5
on Black's possible b7-b5.} ({More aggressive is} 8. Bc4 Qb6 9. Qd2 Qxb2 10.
Rb1 Qa3 11. Bxe6 $5 fxe6 12. Nxe6 Kf7 13. f5 Qa5 14. O-O b5 15. a4 Bb7 16. axb5
Rc8 17. bxa6 Bxa6 18. Rf3 Be7 19. Rg3 Rhg8 20. Qe1 Bc4 $17 {0-1 Radjabov,
T-Gelfand,B/15th European Team Championship 2005 (31)}) 8... Qc7 {preparing to
carry out the b7-b5 advance.} ({Another possibility is} 8... h6 9. Bh4 e5 {
The idea of this move is to get a the central e5 square for the knight.} 10.
Nde2 $6 $146 {A very strange decision. White plays too passive, while he could
occupy the f5 square. After such a passive move it is very difficult to fight
for an advantage...} (10. Nf5 exf4 11. Bxf6 (11. O-O-O g5 12. Bf2 Ne5 13. Qe2
Qc7 $13) 11... Nxf6 12. O-O-O Qa5 13. Bc4 Be6 14. e5 O-O-O 15. exf6 Qxf5 16.
Bxa6 d5 17. Bc4 Qxf6 18. Nxd5 $16 {1-0 Santo Roman,M-Colovic,A/Sautron 2004/
EXT 2005 (51)}) (10. Bxf6 $5 Nxf6 11. fxe5 dxe5 12. Nf5 Bxf5 13. Qxf5 Qa5 14.
O-O-O Bb4 15. Nd5 Nxd5 16. Rxd5 Qxa2 17. Qd7+ Kf8 18. c3 Be7 19. Qxb7 Qa1+ 20.
Kc2 Re8 21. Qxa6 $16 {1-0 Nemeth,M-Vegh,E/Hungary 2002/EXT 2004 (33)}) 10...
exf4 {Black forces White to trade the dark-squared bishop.} 11. Bxf6 {
Otherwise, White will be a pawn down:} (11. O-O-O g5 12. Be1 Ne5 $17) (11. Nd5
g5 12. Bf2 Nxd5 13. exd5 Qa5+ $17 {[%cal Yd7e5]}) 11... Nxf6 12. Nxf4 Bg4 ({
In case of} 12... Qb6 13. O-O-O Bg4 {White can react with} 14. Nfd5 $1 Bxf3 15.
Nxb6 Bxd1 16. Nxa8 Bg4 $11) 13. Qe3 {covering the g1-a7 diagonal.} Rc8 ({
Worth a consideration:} 13... g5 14. Nfd5 Bg7 $13) 14. h3 ({In my opinion,
better was} 14. Be2 Bxe2 $6 (14... Be7 $5 $13) (14... Bd7 $5 $13) 15. Qxe2 $14
{[%csl Gd5][%cal Yc3d5,Yf4d5]}) 14... Bd7 15. O-O-O {I think, that the option
of a short castle was a bit preferable for White. The side, who has a pair of
bishops, usually is better in a struggle on two flanks.} (15. Be2 Be7 16. O-O
O-O $11 17. Rad1 $141 $2 d5 $15) 15... Be7 16. Kb1 {moving away the king from
the diagonal h6-c1.} O-O $11 {0-1 Mazi,L-Kurnosov,I/Warsaw 2005/CBM 108_01/
[Erenburg] (29)}) (8... b5 $4 {is met by} 9. e5 $18) 9. O-O-O b5 {preparing to
fianchetto the light-squared bishop.} ({Another possible plan is} 9... Be7 10.
Bd3 h6 11. Bh4 g5 12. fxg5 Ne5 13. Qe2 Nfd7 $6 (13... Nfg4 {is the usual move})
14. Qh5 Nf8 (14... Nc5 15. gxh6 Ncxd3+ 16. cxd3 Qc5 17. Nf5 $1 exf5 18. d4 Qb6
19. Bxe7 Nc4 20. Qe2 Qxb2+ 21. Qxb2 Nxb2 22. Bf6 $1 $18) (14... Ng6 15. Nxe6
$18) 15. gxh6 Qc5 16. Be2 {After this simple move, White retains with extra
material and a much better position.} Bxh4 (16... Nd3+ $6 {Gofshtein,L} 17.
Rxd3 Qxh5 18. Bxh5 Bxh4 19. Rf1 {White is probably on the verge of a win
already}) 17. Qxh4 Nfg6 18. Qf6 Nd7 (18... Rxh6 {Gofshtein,L} 19. h4 $1 {
is strong, throwing Black's pieces further back.}) 19. Qf2 Rxh6 20. Rhf1 Rh7
21. h4 $1 {very strong, white chooses a direct approach:} ({after} 21. Kb1 {
Gofshtein,L} b5 {Black could have hoped to get some counterplay.}) 21... Nxh4
22. e5 $1 $16 {1-0 Neelotpal,D-Alexikov,A/Alushta 2004/CBM 103/[Gofshtein,L] 
(29)}) 10. Bd3 {intending to centralize the pieces. White has tried also:} (10.
Bxf6 Nxf6 11. e5 Bb7 12. Qh3 $5 dxe5 13. Ncxb5 $5 Qb6 14. fxe5 Nd5 15. Na3 Bc5
16. Nc4 Qc7 17. Nb3 Be7 18. Kb1 Rd8 {[%cal Rd5c3,Rd8d1]} 19. Be2 O-O 20. Rhf1 {
[%cal Rf1f8]} Nb4 {[%cal Rb7d5,Yb4c6,Rc6e5] Black opens his bishop and
transfers the knight to c6 to attack the e5 pawn.} 21. Nbd2 Bd5 22. a3 Nc6 23.
Bd3 g6 24. Rde1 $14 {[%cal Ye1e5,Yc4e5] 1-0 Haznedaroglu,K-Van der Stricht,G/
Antalya 2004/CBM 101/[Gofshtein,L] (40)}) (10. e5 Bb7 11. Qh3 dxe5 12. Nxe6
fxe6 13. Qxe6+ Be7 14. Nxb5 {0-1 Kamsky,G-Gelfand,B/Linares 1993/CBM 34/
[Gelfand] (80)}) (10. Bxb5 {An interesting piece sacrifice.} axb5 11. Ndxb5 Qb6
12. e5 Bb7 13. Qe2 dxe5 14. fxe5 Qc5 $5 $146 {[%cal Rc5g5]} 15. exf6 Qxg5+ 16.
Kb1 Qxg2 $8 17. Qd3 {[%cal Rd3d7] The preliminary 17.Nc7 was also possible.}
Qc6 18. Qg3 {[%cal Rb5c7,Rf6g7] Creating two threats - 19.Nc7 and 19.fg.} gxf6
19. Nc7+ Ke7 {It was worth considering 19...Kd8 removing the king from the
centre.} 20. Nxa8 Bxa8 21. Rhe1 {[%cal Rc3d5] Bringing the rook to the centre
and putting more pressure.} Qb6 22. Nb5 {[%cal Rg3a3] Threatening 23.Qa3 and
bringing the queen to the game this way.} Qxb5 23. Qa3+ Nc5 24. Qxa8 Bg7 {
24...Qb6 deserved attention, covering the a7 square and not letting White to
activize his queen.} 25. Qa7+ Nd7 26. Qa3+ Nc5 27. Qa7+ Nd7 28. Re3 $14 {
[%cal Re3d3,Re3b3] 1-0 Kurnosov,I-Kuznetsov,V/Nojabrsk 2005/CBM 106/[Gofshtein,
L] (44) Bringing the rook to the attack.}) (10. a3 Bb7 11. g4 Be7 12. Bxf6 Nxf6
(12... Bxf6 13. g5 Bxd4 14. Rxd4 O-O {0-1 Leko,P-Gelfand,B/Monaco MNC 2001/The
Week in Chess 333 (38)}) 13. g5 Nd7 14. Bh3 Nc5 15. Rhg1 g6 {1/2-1/2 Leko,
P-Shirov,A/Monaco MNC 2001/The Week in Chess 334 (45)}) 10... Bb7 {preparing
to castle queenside.} (10... b4 $6 {is a risky continuation:} 11. Nd5 $1 {
A typical piece sarifice in this variation, which gives White a strong attack.}
exd5 12. exd5 Bb7 13. Rhe1+ Kd8 14. Nc6+ $5 Bxc6 15. dxc6 Nb8 $146 16. Bxf6+
gxf6 17. Be4 h5 18. Bd5 $5 $16 {1-0 Atakisi,U-Mazi,L/Antalya 2004/CBM 101/
[Gofshtein,L] (44) Opening the e-file for the White pieces.}) 11. Rhe1 {
White is ready to attack Black's e6 pawn, in order to get control of the
central d5 square.} Qb6 {attacking White's knight.} (11... O-O-O 12. f5 (12. a3
Be7 13. Qe2 h6 14. Bh4 Nc5 15. Bf2 d5 16. e5 Nfe4 $5 $132 {1/2-1/2 Adams,
M-Gelfand,B/Wijk aan Zee 1994/CBM 39/[Gelfand] (45)}) 12... e5 13. Nb3 Be7 14.
a4 $1 Nxe4 15. Bxe4 Bxg5+ 16. Kb1 bxa4 17. Bxb7+ $1 Qxb7 18. Ne4 {[%cal Re4d6,
Re4g5]} Be7 19. Na5 Qc7 20. Nc3 $1 Qxa5 21. Qa8+ Nb8 22. Nd5 $1 Rd7 23. Re4 $1
{[%cal Ge4a4]} Rc7 24. Rxa4 Qc5 25. Rc4 $1 Qxc4 26. Nb6+ Kd8 27. Nxc4 Rxc4 28.
Qxb8+ $18 {1-0 Pavlovic,M-Janssen,R/Wijk aan Zee 2004/CBM 99/[Gofshtein,L] (34)
}) 12. Qe3 {threatening again with f4-f5 or e4-e5 strikes.} ({Black has
succeeded to neutralize White's initiative after} 12. Nd5 Qxd4 13. Bxf6 gxf6
14. Bxb5 Qc5 15. Nxf6+ Kd8 16. Nxd7 Qxb5 17. Nxf8 Rxf8 18. Qa3 Rc8 19. Qxd6+
Ke8 20. c3 Qc6 21. Qb4 a5 22. Qxa5 Ra8 23. Qg5 f6 24. Qd5 Qxc3+ 25. bxc3 exd5
$17 {0-1 Nakamura,H-Gelfand,B/Biel SUI 2005/The Week in Chess 560 (39)}) 12...
O-O-O (12... Be7 {looks unlogical:} 13. e5 dxe5 14. fxe5 Bc5 15. exf6 Bxd4 16.
fxg7 $16 {1-0 Liss,E-Karpman,V/Tel Aviv 1996/CBM 052 ext (35)}) 13. f5 (13. Nb3
{is less principled:} Qxe3+ 14. Rxe3 Be7 15. Na5 h6 16. Bxf6 Nxf6 $11 {1-0
Solomon,S-Kuczynski,R/Thessaloniki 1988/TD (89)}) 13... e5 14. Nb3 Be7 $146 {
looks like an improvement in comparison to} (14... Qxe3+ {Why to help white to
activate his pieces?} 15. Rxe3 d5 16. Nxd5 Bxd5 (16... Nxd5 17. exd5 f6 18. Bh4
Nc5 19. Be2 Nxb3+ 20. axb3 Rxd5 21. Rxd5 Bxd5 22. Bf3 $14 {[%cal Ge3g3]}) 17.
exd5 Nxd5 {is refuted by} 18. Bxb5 $1 Nxe3 19. Bxa6+ Kc7 20. Bxe3 $16 {1-0
Zapata,A-Nogueiras,J/Bogota 1979/EXT 2003 (36)}) 15. Qg3 {threatening to move
away the dark-squared bishop to e3 with a following capture on g7.} ({
Interesting is} 15. Qxb6 Nxb6 16. Na5 $13) 15... g6 $1 {preparing the h5
square for the kingside knight.} 16. Rf1 (16. Be3 Qc7 17. Rf1 Nc5 $132) 16...
Nh5 $1 17. Qh4 Bxg5+ 18. Qxg5 Nf4 $132 {Black has succeeded to trade the
dark-squared bishops, that leaves White with a passive light-squared one. Now
Black is threatening to develop an initiative on the kingside through the "g"
file.} 19. g3 (19. Kb1 {is met by} f6 20. Qg4 (20. Qh6 Nxg2 $17) 20... gxf5 $17
{[%cal Gd8g8]}) 19... f6 (19... Qe3+ 20. Kb1 Nd5 21. Qh4 Nxc3+ 22. bxc3 f6 23.
Qg4 $13) 20. Qh6 {Other moves lose an exchange:} (20. Qg4 $2 Ng2 $1 $17 {
[%cal Gg2e3]}) (20. Qh4 Ng2 $17) 20... Qe3+ 21. Kb1 Nd5 $1 {A great tactical
resource, that allows White to worsen White's pawn structure.} 22. Qg7 Nxc3+
23. bxc3 gxf5 (23... Rdg8 $6 24. Qe7 $14) 24. Rxf5 {In spite of the
superiority of black's pawn structure, the activity of White's pieces promise
him good counterchances.} Qb6 {bringing the queen back to the camp.} (24...
Bxe4 $5 {leads to a perpetual check:} 25. Qe7 $1 Bf3 (25... Bxf5 $2 26. Bxf5
Qxc3 (26... Qf3 27. Qxd6 Qxf5 28. Qc6+ Kb8 29. Na5 $18) 27. Rxd6 $18) 26. Qxd6
(26. Rf1 Bb7 27. Qxd6 Rhe8 28. Rxf6 e4 29. Re6 Rxe6 30. Qxe6 Qb6 31. Qxb6 Nxb6
32. Be2 Na4 $17) 26... Bxd1 27. Qc6+ Kb8 28. Qd6+ Ka7 29. Qc7+ Ka8 30. Qc6+ $11
) 25. Rh5 Qc7 $1 {attacking the c3 pawn, and planning to protect the h7 pawn
by moving the knight to b6 or c5.} (25... Qc6 26. Kb2 Nb6 27. Na5 Na4+ 28. Kc1
Qd7 29. Qxd7+ Rxd7 30. Nxb7 Kxb7 $13) 26. Kb2 ({Worse is} 26. Rxh7 Rxh7 27.
Qxh7 Qxc3 $15 {[%cal Gd7b6,Gb6a4]}) 26... Nb6 (26... Nc5 {equalizes as well:}
27. Qxc7+ Kxc7 {[%cal Gc5e4,Gc5a4]} 28. Nxc5 dxc5 29. Rh4 $11) 27. Qxc7+ Kxc7 {
threatening with Na4+ with following capture on c3.} 28. Ka3 Rdg8 {The final
position is approximately equal. For instance:} (28... Rdg8 29. Rf1 Nd7 (29...
Rg4 30. Nd2) (29... Rg6 $11) 30. c4 bxc4 31. Bxc4 Bxe4 32. Bxg8 Rxg8 $13)
1/2-1/2

[Event "EU-ch 6th"]
[Site "Warsaw"]
[Date "2005.06.26"]
[Round "8"]
[White "Mamedov, Rauf"]
[Black "Mazi, Leon"]
[Result "1-0"]
[WhiteElo "2511"]
[BlackElo "2365"]
[Annotator "Erenburg,S"]
[PlyCount "65"]
[EventDate "2005.06.18"]
[EventType "swiss"]
[EventRounds "13"]
[EventCountry "POL"]
[SourceTitle "CBM 108"]
[Source "ChessBase"]
[SourceDate "2005.09.26"]
[SourceVersion "1"]
[SourceVersionDate "2005.09.26"]
[SourceQuality "1"]

{[%mdl 72]} 1. e4 c5 2. Nf3 d6 3. Nc3 Nf6 4. d4 cxd4 5. Nxd4 a6 6. Bg5 e6 7. f4
b5 {Quite a risky theoretical line. Other ones are:} (7... Nbd7 {0-1 Mazi,
L-Kurnosov,I/Warsaw 2005/CBM 108_01/[Erenburg] (29)}) ({and} 7... Qb6) 8. e5
dxe5 9. fxe5 Qc7 10. exf6 {The most principle reply. White allows Black to get
a pair of bishops, but big development advantage gives first player good
chances for an attack. Other attempts to fight for an advantage are:} (10. Nf3
{0-1 Reeh,O-Naumann,A/Heringsdorf 2000/CBM 080/[Tyomkin,D] (33)}) (10. Qe2 $5
Nfd7 11. O-O-O Bb7 (11... Qxe5 $2 12. Qxe5 Nxe5 13. Ndxb5 $18) 12. Qg4 Qxe5 $2
(12... Nxe5 13. Qh5 {[%cal Rd4e6]} (13. Qg3 {Tyomkin,D} Nbd7) 13... g6 14. Qh3
$44) (12... Nc6 13. Nxe6 fxe6 14. Qxe6+ Be7 15. Bxe7 Nxe7 16. Bxb5 $1 $18) 13.
Bd3 Be7 $2 (13... h6 14. Nxe6 $1) 14. Bxe7 Kxe7 15. Rhe1 $18 {1-0 Nataf,
I-Guidarelli,L/Vichy FRA 2000/The Week in Chess 303 (33)}) 10... Qe5+ 11. Be2
Qxg5 12. O-O ({Another possibility is} 12. Qd3 Qxf6 13. Rf1 Qe5 14. Rd1 Ra7 15.
Nf3 Qc7 16. Ng5 f5 17. Qd4 {1-0 Hellers,F-Polugaevsky,L/Haninge 1989/CBM 013/
[Wedberg] (26)}) 12... Ra7 $1 {Black covers the seventh rank.} (12... Qe5 13.
Kh1 $1 Ra7 14. Nf3 Qxf6 15. a4 b4 16. Ne4 Qd8 17. Qe1 Nc6 18. Rd1 Qc7 19. Nfg5
Be7 20. Rxf7 Qe5 21. Rxg7 Kf8 22. Rf7+ Kg8 23. Qf2 h6 24. Rf1 hxg5 25. Rf8+
Bxf8 26. Qxf8+ Kh7 27. Nf6+ Kg6 28. Bd3+ {1-0 Efimenko,Z-Miroshnichenko,E/
Alushta 2002/EXT 2003 (28)}) 13. Qd3 Rd7 {threatening with the capture on d4
with following Bc5.} 14. Ne4 Qe5 15. Nf3 {This continuation is more ambitios,
than the following one:} (15. c3 Bb7 16. Qg3 (16. Bf3 Bxe4 (16... Nc6 17. Rad1
Qc7 $6 (17... Nxd4 $5 18. cxd4 Qf4 $13) 18. Qe3 Ne5 19. fxg7 $16 {1-0 Baklan,
V-Puth,D/Bad Wiessee GER 2001/The Week in Chess (35)}) 17. Bxe4 gxf6 $13) 16...
Qxg3 17. Nxg3 Rg8 18. Bf3 gxf6 19. Bxb7 Rxb7 20. Ne4 Nd7 21. Rxf6 $4 (21. Nxf6+
Nxf6 22. Rxf6 Bg7 $15) 21... Rg4 {0-1 De Vreugt,D-Van Wely,L/Dieren 1999/CBM
71 ext (21)}) 15... Qc7 (15... Qxb2 16. Qe3 Bb7 {1-0 Leko,P-Ghaem Maghami,E/
Yerevan 2001/CBM 086/[Tyomkin,D] (27)}) ({After the queens exchange,} 15...
Rxd3 16. Nxe5 {White's chances are clearly better in the endgame:} Rd5 17. fxg7
Bxg7 18. Nxf7 O-O 19. Nfd6 $16) 16. Qe3 Bb7 {Black tried also:} (16... g6 17.
c4 b4 18. Kh1 (18. Bd1 $5 $32 {[%cal Gd1a4]}) 18... Bb7 19. Rad1 h5 20. Neg5
Bc5 21. Qe5 Bd6 22. Rxd6 Qxd6 23. Nxf7 Kxf7 24. Ng5+ Kf8 25. Nxe6+ Kf7 26. Ng5+
Kf8 {1/2-1/2 Novopashin,A-Polugaevsky,L/Vilnius 1960/EXT 2002 (26)}) (16... Qa7
17. Qxa7 Rxa7 18. a4 b4 19. Ne5 $36) 17. Bd3 $146 {White transfers the bishop
to a better position on the b1-h7 diagonal, as well as opens the "e" file for
the queenside rook. In the preceding game White prefered to attack Black's
pawns on the queenside:} (17. c4 Bxe4 18. Qxe4 gxf6 19. cxb5 Qb6+ 20. Kh1 axb5
21. a4 bxa4 22. Qxa4 Kd8 23. Qf4 $40 {1-0 Vasquez,R-Arancibia,E/Maipu 2003/CBM
097 ext (46)}) 17... Rd5 $2 {liberating the d7 square for the knight. But, in
my opinion, Black should not have suffered the White's pawn on f6...} ({
Worth consideration:} 17... Bxe4 $5 18. Qxe4 (18. fxg7 Bxg7 19. Bxe4 Bxb2 20.
Rab1 Bg7 21. a4 $13) 18... gxf6 19. a4 f5 20. Qh4 (20. Qe2 b4 $13) 20... Be7
21. Qh6 bxa4 22. Qg7 $13) 18. Kh1 {The king is located safer on h1, than on
the diagonal a7-g1.} Nd7 19. fxg7 Bxg7 20. Nfg5 $36 {White has an unpleasant
initiative with an equal material!} Rf8 {Other continuations are not better:} (
20... Bxb2 21. Rab1 Bd4 22. Qh3 $40 {[%cal Gg5f7,Yg5e6,Yf1f7]}) (20... Ne5 21.
Qf4 $1 {[%cal Ye4f6]} (21. Nxf7 Nxf7 22. Nf6+ Bxf6 23. Rxf6 Ng5 $19) (21. Qg3
Rd7 $15 {[%cal Ge5d3,Yh7h6]}) 21... Qe7 22. Qg3 $36) 21. Rae1 Qc6 {building
the battery along the a8-h1 diagonal.} 22. Qg3 $1 {threatening with the
capture on h7.} ({Worth consideration:} 22. Nxh7 $5 Rh8 23. Qf3 $16) 22... Be5
{White forced Black to occupy the e5 square with the bishop, which makes his
knight on d7 pretty passive.} 23. Qh4 f5 $2 {allows White to get an obvious
advantage.} ({Probably, better was} 23... Bxb2 24. Nxh7 Rg8 (24... Rh8 25.
Nhf6+ $18) 25. Rf3 $36 {[%cal Ye1f1]}) 24. Be2 $1 {transfering the bishop to
h5.} fxe4 25. Bh5+ Ke7 26. Rxf8 (26. Nxh7+ {is met by} Bf6) 26... Nxf8 (26...
Kxf8 {loses in view of} 27. Rf1+ Nf6 28. Nxh7+ $18 {[%cal Yh7f6]}) 27. Nxh7+
Kd6 28. Nxf8 $16 {Black's king location in the centre promises White a big
advantage.} Qxc2 $2 {leads to lost position.} ({More resistant was} 28... Bxb2
29. Bg4 (29. Qd8+ Kc5) (29. Rxe4 Rd1+ 30. Bxd1 Qxe4 31. Qd8+ Kc5 32. Qe7+ Kb6
33. Qxe6+ $11) 29... Bc3 30. Rf1 $16) (28... Kc7 29. Qxe4 $16) 29. Qd8+ Kc5 $2
{loses on the spot.} ({Last chance was} 29... Kc6 30. Be8+ Kc5 31. Nxe6+ Kc4
32. Qe7 (32. Qa5 Qxb2 33. Qb6 $16) 32... Rd1 33. Qc5+ Kd3 34. Qe3+ Kc4 35. Qb3+
Qxb3 36. axb3+ Kd5 37. Nc7+ Bxc7 38. Rxd1+ $18) 30. Nxe6+ Kc4 31. Qa5 Rd2 (
31... Qxb2 32. Be2+ $18) 32. Qb6 {winning the bishop.} Bd5 (32... Kb4 33. Qxb7
$18 Rxg2 34. Rxe4+ Ka5 35. b4+ Ka4 36. Qxa6#) 33. Qc5+ {mating.} (33. Qc5+ Kd3
34. Re3#) 1-0